00680nam a2200181 a 450000100100000000500170001000800410002704000250006808200150009310000400010824500870014826000420023530000280027750400540030504900090035995201130036899900170048100002550220200930023832.0110217s1965 dr a 000 0 spa d aDO-SdBNPbspacBNPHU axxxbR672n1 aDe la Rocha Báez, Julio E.95214610aNuestra señora de la Altagracia a traves de la historia /cJulio E. de la Rocha. aSanto Domingo :bArte y Cine;,c1965. a130 p. :bil. ;c24 cm. aIncluye referencias bibliográficas (p. 123-128) aBNGR 0010718PDaPDbPDcHDd2011-02-17iLF1l0oxxx R672np25502-10r2020-06-25w2020-06-25yLFPDZNo se presta c24994d24994